[Event "DVM U12 2023"]
[Site "Magdeburg GER"]
[Date "2023.12.28"]
[Round "3"]
[White "Classen, Miguel"]
[Black "Libert, Nick"]
[Result "0-1"]
[Termination "normal"]
[Board "10.2"]
[WhiteElo "1168"]
[BlackElo "1304"]
[WhiteClock "00:41:08"]
[BlackClock "01:19:25"]
[WhiteTeam "SG Trier 1877"]
[BlackTeam "SF Brackel 1930"]
[PlyCount "44"]
[WhiteFideId "34623825"]
[BlackFideId "34634088"]
[EventCountry "GER"]
[EventRounds "7"]
[EventType "team-swiss"]
[EventDate "2023.12.26"]

1. e4 {[%clk 01:30:58]} {[%emt 00:00:01]} e5 {[%clk 01:30:55]} {[%emt
00:00:05]} 2. Nf3 {[%clk 01:31:21]} {[%emt 00:00:07]} Nc6 {[%clk 01:31:21]}
{[%emt 00:00:04]} 3. Bb5 {[%clk 01:31:46]} {[%emt 00:00:05]} Nf6 {[%clk
01:31:45]} {[%emt 00:00:06]} 4. O-O {[%clk 01:32:03]} {[%emt 00:00:12]} Bc5
{[%clk 01:31:35]} {[%emt 00:00:40]} 5. Nxe5 {[%clk 01:32:13]} {[%emt 00:00:20]}
Nxe5 {[%clk 01:31:53]} {[%emt 00:00:13]} 6. d4 {[%emt 00:00:07]} Bd6 {[%clk
01:32:20]} {[%emt 00:00:01]} 7. dxe5 {[%clk 01:32:48]} {[%emt 00:00:19]} Bxe5
{[%clk 01:32:45]} {[%emt 00:00:05]} 8. h3 {[%clk 01:32:54]} {[%emt 00:00:24]}
O-O {[%clk 01:33:10]} {[%emt 00:00:05]} 9. Bg5 {[%clk 01:32:59]} {[%emt
00:00:26]} h6 {[%clk 01:33:25]} {[%emt 00:00:15]} 10. Bh4 {[%clk 01:33:10]}
{[%emt 00:00:17]} Bxb2 {[%clk 01:33:36]} {[%emt 00:00:20]} 11. Nd2 {[%clk
01:32:49]} {[%emt 00:00:51]} Bxa1 {[%clk 01:34:01]} {[%emt 00:00:05]} 12. Qxa1
{[%clk 01:33:05]} {[%emt 00:00:13]} c6 {[%clk 01:34:25]} {[%emt 00:00:07]} 13.
Ba4 {[%clk 01:33:30]} {[%emt 00:00:04]} Re8 {[%clk 01:34:21]} {[%emt 00:00:34]}
14. e5 {[%clk 01:33:07]} {[%emt 00:00:53]} Qa5 {[%clk 01:33:33]} {[%emt
00:01:19]} 15. exf6 {[%clk 01:32:14]} {[%emt 00:01:23]} Qxa4 {[%clk 01:33:49]}
{[%emt 00:00:13]} 16. fxg7 {[%clk 01:32:28]} {[%emt 00:00:16]} Qxh4 {[%clk
01:33:59]} {[%emt 00:00:21]} 17. Nf3 {[%clk 01:32:25]} {[%emt 00:00:33]} Qd8
{[%clk 01:33:07]} {[%emt 00:01:22]} 18. Qd4 {[%clk 01:26:42]} {[%emt 00:06:13]}
Re6 {[%clk 01:30:08]} {[%emt 00:03:29]} 19. Nh4 {[%clk 01:24:55]} {[%emt
00:02:17]} Qf6 {[%clk 01:30:01]} {[%emt 00:00:34]} 20. Qxf6 {[%clk 01:25:03]}
{[%emt 00:00:24]} Rxf6 {[%clk 01:30:28]} {[%emt 00:00:04]} 21. Re1 {[%clk
01:25:04]} {[%emt 00:00:28]} Re6 {[%clk 01:30:51]} {[%emt 00:00:07]} 22. Rd1
{[%clk 01:25:11]} {[%emt 00:00:24]} d5 {[%clk 01:31:14]} {[%emt 00:00:07]} 23.
Rd3 {[%clk 01:25:14]} {[%emt 00:00:28]} Bd7 {[%clk 01:31:18]} {[%emt 00:00:26]}
24. f4 {[%clk 01:24:53]} {[%emt 00:00:51]} Rae8 {[%clk 01:31:29]} {[%emt
00:00:19]} 25. f5 {[%clk 01:25:13]} {[%emt 00:00:10]} Re4 {[%clk 01:31:36]}
{[%emt 00:00:21]} 26. g4 {[%clk 01:25:13]} {[%emt 00:00:33]} Re1+ {[%clk
01:31:43]} {[%emt 00:00:22]} 27. Kf2 {[%clk 01:25:32]} {[%emt 00:00:11]} R1e2+
{[%clk 01:31:41]} {[%emt 00:00:32]} 28. Kf3 {[%clk 01:25:52]} {[%emt 00:00:10]}
Rxc2 {[%clk 01:31:37]} {[%emt 00:00:34]} 29. f6 {[%clk 01:26:12]} {[%emt
00:00:10]} c5 {[%clk 01:30:29]} {[%emt 00:01:39]} 30. Rxd5 {[%clk 01:24:13]}
{[%emt 00:02:29]} Bc6 {[%clk 01:30:18]} {[%emt 00:00:41]} 31. Kf4 {[%clk
01:24:14]} {[%emt 00:00:29]} Bxd5 {[%clk 01:30:40]} {[%emt 00:00:08]} 32. Nf5
{[%clk 01:23:31]} {[%emt 00:01:13]} Rf2+ {[%clk 01:30:53]} {[%emt 00:00:16]}
33. Kg3 {[%clk 01:23:30]} {[%emt 00:00:31]} Rxf5 {[%emt 00:00:12]} 34. gxf5
{[%clk 01:23:47]} {[%emt 00:00:11]} Bxa2 {[%clk 01:31:27]} {[%emt 00:00:16]}
35. Kh4 {[%clk 01:24:01]} {[%emt 00:00:16]} Bb1 {[%clk 01:31:36]} {[%emt
00:00:21]} 36. Kh5 {[%clk 01:24:18]} {[%emt 00:00:13]} Bxf5 {[%clk 01:31:55]}
{[%emt 00:00:11]} 37. Kxh6 {[%clk 01:23:54]} {[%emt 00:00:54]} Bxh3 {[%clk
01:32:14]} {[%emt 00:00:10]} 38. Kg5 {[%clk 01:23:58]} {[%emt 00:00:27]} c4
{[%clk 01:32:40]} {[%emt 00:00:05]} 39. Kh6 {[%clk 01:24:16]} {[%emt 00:00:11]}
c3 {[%clk 01:33:05]} {[%emt 00:00:05]} 40. Kg5 {[%clk 01:24:41]} {[%emt
00:00:05]} c2 {[%clk 01:33:31]} {[%emt 00:00:04]} 41. Kh5 {[%clk 01:25:06]}
{[%emt 00:00:06]} c1=Q {[%clk 01:33:41]} {[%emt 00:00:18]} 42. Kh4 {[%clk
01:25:27]} {[%emt 00:00:10]} Qf4+ {[%clk 01:34:02]} {[%emt 00:00:08]} 43. Kh5
{[%clk 01:25:47]} {[%emt 00:00:11]} Re5# {[%clk 01:34:23]} {[%emt 00:00:09]}
0-1

[Event "DVM U12 2023"]
[Site "Magdeburg GER"]
[Date "2023.12.28"]
[Round "3"]
[White "Kovalenko, Andrii"]
[Black "Sharma, Devesh"]
[Result "0-1"]
[Termination "normal"]
[Board "10.3"]
[WhiteElo "1170"]
[BlackElo "1037"]
[WhiteClock "01:25:47"]
[BlackClock "01:34:23"]
[WhiteTeam "SF Brackel 1930"]
[BlackTeam "SG Trier 1877"]
[PlyCount "86"]
[WhiteFideId "34681795"]
[BlackFideId "34652477"]
[EventCountry "GER"]
[EventRounds "7"]
[EventType "team-swiss"]
[EventDate "2023.12.26"]

1. e4 {[%clk 01:30:59]} {[%emt 00:00:01]} e5 {[%clk 01:30:54]} {[%emt
00:00:06]} 2. Nf3 {[%clk 01:31:26]} {[%emt 00:00:04]} Nc6 {[%clk 01:31:11]}
{[%emt 00:00:12]} 3. Bc4 {[%clk 01:31:49]} {[%emt 00:00:06]} Bc5 {[%clk
01:31:30]} {[%emt 00:00:10]} 4. Nc3 {[%clk 01:32:14]} {[%emt 00:00:05]} Nf6
{[%clk 01:31:51]} {[%emt 00:00:09]} 5. d3 {[%clk 01:32:39]} {[%emt 00:00:05]}
h6 {[%clk 01:32:15]} {[%emt 00:00:06]} 6. Be3 {[%clk 01:33:04]} {[%emt
00:00:06]} d6 {[%clk 01:32:36]} {[%emt 00:00:09]} 7. Bxc5 {[%clk 01:33:19]}
{[%emt 00:00:16]} dxc5 {[%clk 01:32:54]} {[%emt 00:00:12]} 8. h3 {[%clk
01:33:41]} {[%emt 00:00:08]} O-O {[%clk 01:33:12]} {[%emt 00:00:12]} 9. Qd2
{[%clk 01:33:35]} {[%emt 00:00:36]} Re8 {[%clk 01:32:50]} {[%emt 00:00:52]} 10.
g4 {[%clk 01:33:54]} {[%emt 00:00:11]} Nd4 {[%clk 01:32:48]} {[%emt 00:00:32]}
11. Nxd4 {[%clk 01:33:35]} {[%emt 00:00:49]} cxd4 {[%clk 01:33:08]} {[%emt
00:00:09]} 12. Ne2 {[%clk 01:33:40]} {[%emt 00:00:25]} Nh7 {[%clk 01:31:24]}
{[%emt 00:02:14]} 13. O-O-O {[%clk 01:33:33]} {[%emt 00:00:38]} Qf6 {[%clk
01:31:32]} {[%emt 00:00:23]} 14. Kb1 {[%clk 01:33:03]} {[%emt 00:01:00]} Be6
{[%clk 01:28:10]} {[%emt 00:03:52]} 15. Bxe6 {[%clk 01:32:38]} {[%emt
00:00:55]} Rxe6 {[%clk 01:28:34]} {[%emt 00:00:06]} 16. Ng3 {[%clk 01:32:58]}
{[%emt 00:00:09]} Qg5 {[%clk 01:23:41]} {[%emt 00:05:24]} 17. Qxg5 {[%clk
01:33:08]} {[%emt 00:00:20]} Nxg5 {[%clk 01:24:02]} {[%emt 00:00:08]} 18. h4
{[%clk 01:32:18]} {[%emt 00:01:20]} Nh7 {[%clk 01:23:53]} {[%emt 00:00:40]} 19.
g5 {[%clk 01:32:20]} {[%emt 00:00:28]} hxg5 {[%clk 01:23:07]} {[%emt 00:01:15]}
20. hxg5 {[%clk 01:32:44]} {[%emt 00:00:06]} Nxg5 {[%clk 01:23:15]} {[%emt
00:00:22]} 21. Rh5 {[%clk 01:33:08]} {[%emt 00:00:05]} f6 {[%clk 01:21:49]}
{[%emt 00:01:57]} 22. Rdh1 {[%clk 01:33:07]} {[%emt 00:00:30]} Kf7 {[%clk
01:22:05]} {[%emt 00:00:15]} 23. Rh8 {[%clk 01:32:26]} {[%emt 00:01:11]} Ree8
{[%clk 01:21:04]} {[%emt 00:01:31]} 24. Rxe8 {[%clk 01:32:39]} {[%emt
00:00:17]} Rxe8 {[%clk 01:21:29]} {[%emt 00:00:06]} 25. Rc1 {[%clk 01:32:16]}
{[%emt 00:00:53]} Rh8 {[%clk 01:21:30]} {[%emt 00:00:28]} 26. c3 {[%clk
01:32:40]} {[%emt 00:00:07]} dxc3 {[%clk 01:18:00]} {[%emt 00:04:00]} 27. Rxc3
{[%clk 01:32:58]} {[%emt 00:00:12]} c6 {[%clk 01:18:18]} {[%emt 00:00:11]} 28.
Rb3 {[%clk 01:33:19]} {[%emt 00:00:09]} Rb8 {[%clk 01:18:07]} {[%emt 00:00:41]}
29. Nf5 {[%clk 01:33:30]} {[%emt 00:00:19]} b6 {[%clk 01:16:18]} {[%emt
00:02:20]} 30. Rc3 {[%clk 01:33:30]} {[%emt 00:00:30]} g6 {[%clk 01:13:05]}
{[%emt 00:03:42]} 31. Ne3 {[%clk 01:32:47]} {[%emt 00:01:13]} c5 {[%clk
01:13:12]} {[%emt 00:00:23]} 32. Ra3 {[%clk 01:33:04]} {[%emt 00:00:13]} Rb7
{[%clk 01:12:07]} {[%emt 00:01:35]} 33. Nc4 {[%clk 01:33:19]} {[%emt 00:00:14]}
Ke6 {[%clk 01:10:57]} {[%emt 00:01:40]} 34. Ra6 {[%clk 01:32:12]} {[%emt
00:01:37]} Rh7 {[%clk 01:04:39]} {[%emt 00:06:48]} 35. Na3 {[%clk 01:31:08]}
{[%emt 00:01:34]} Nf3 {[%clk 01:03:01]} {[%emt 00:02:07]} 36. Kc2 {[%clk
01:30:06]} {[%emt 00:01:33]} Nd4+ {[%clk 01:03:17]} {[%emt 00:00:14]} 37. Kc3
{[%clk 01:29:42]} {[%emt 00:00:54]} f5 {[%clk 01:02:52]} {[%emt 00:00:55]} 38.
b4 {[%clk 01:26:13]} {[%emt 00:03:59]} cxb4+ {[%clk 01:02:02]} {[%emt
00:01:20]} 39. Kxb4 {[%clk 01:26:21]} {[%emt 00:00:22]} fxe4 {[%clk 01:01:45]}
{[%emt 00:00:47]} 40. dxe4 {[%clk 01:26:37]} {[%emt 00:00:14]} g5 {[%clk
01:00:50]} {[%emt 00:01:26]} 41. Nc4 {[%clk 01:24:27]} {[%emt 00:02:39]} Rh2
{[%clk 00:57:28]} {[%emt 00:03:52]} 42. Rxa7 {[%clk 01:24:36]} {[%emt
00:00:22]} Nc6+ {[%clk 00:57:35]} {[%emt 00:00:22]} 43. Kb5 {[%clk 01:22:40]}
{[%emt 00:02:27]} Nxa7+ {[%clk 00:56:25]} {[%emt 00:01:41]} 44. Kxb6 {[%clk
01:23:00]} {[%emt 00:00:10]} Nc8+ {[%clk 00:56:45]} {[%emt 00:00:09]} 45. Kc7
{[%clk 01:23:09]} {[%emt 00:00:20]} Ne7 {[%clk 00:57:07]} {[%emt 00:00:08]} 46.
a4 {[%clk 01:23:22]} {[%emt 00:00:17]} Rxf2 {[%clk 00:57:27]} {[%emt 00:00:10]}
47. Kb7 {[%clk 01:23:27]} {[%emt 00:00:26]} g4 {[%clk 00:57:45]} {[%emt
00:00:11]} 48. a5 {[%clk 01:23:30]} {[%emt 00:00:27]} g3 {[%clk 00:57:42]}
{[%emt 00:00:33]} 49. Ne3 {[%clk 01:22:54]} {[%emt 00:01:06]} Rf3 {[%clk
00:57:51]} {[%emt 00:00:22]} 50. Ng2 {[%clk 01:23:06]} {[%emt 00:00:18]} Rb3+
{[%clk 00:57:55]} {[%emt 00:00:26]} 51. Ka7 {[%clk 01:23:14]} {[%emt 00:00:22]}
Ng6 {[%clk 00:57:59]} {[%emt 00:00:25]} 52. a6 {[%clk 01:23:23]} {[%emt
00:00:22]} Nf4 {[%clk 00:58:18]} {[%emt 00:00:11]} 53. Nh4 {[%clk 01:23:18]}
{[%emt 00:00:34]} g2 {[%clk 00:58:31]} {[%emt 00:00:17]} 54. Nxg2 {[%clk
01:23:40]} {[%emt 00:00:09]} Nxg2 {[%clk 00:58:51]} {[%emt 00:00:10]} 55. Ka8
{[%clk 01:24:05]} {[%emt 00:00:05]} Ra3 {[%clk 00:58:54]} {[%emt 00:00:28]} 56.
a7 {[%clk 01:24:30]} {[%emt 00:00:05]} Rxa7+ {[%clk 00:59:18]} {[%emt
00:00:05]} 57. Kxa7 {[%clk 01:24:55]} {[%emt 00:00:05]} Kd6 {[%clk 00:59:38]}
{[%emt 00:00:10]} 58. Kb6 {[%clk 01:25:15]} {[%emt 00:00:11]} Ne3 {[%clk
00:59:59]} {[%emt 00:00:09]} 59. Kb5 {[%clk 01:25:25]} {[%emt 00:00:19]} Nd5
{[%clk 00:59:51]} {[%emt 00:00:39]} 60. Kc4 {[%clk 01:25:42]} {[%emt 00:00:13]}
Nf6 {[%clk 00:59:58]} {[%emt 00:00:22]} 61. Kd3 {[%clk 01:25:54]} {[%emt
00:00:19]} Kc5 {[%clk 00:59:13]} {[%emt 00:01:15]} 62. Ke3 {[%clk 01:24:25]}
{[%emt 00:01:59]} Kc4 {[%clk 00:59:34]} {[%emt 00:00:09]} 63. Kf3 {[%clk
01:24:42]} {[%emt 00:00:12]} Kd4 {[%clk 00:59:57]} {[%emt 00:00:06]} 64. Kf2
{[%clk 01:24:57]} {[%emt 00:00:15]} Nxe4+ {[%clk 01:00:20]} {[%emt 00:00:07]}
65. Ke2 {[%clk 01:25:21]} {[%emt 00:00:06]} Nc3+ {[%clk 01:00:25]} {[%emt
00:00:26]} 66. Kf2 {[%clk 01:25:03]} {[%emt 00:00:48]} e4 {[%clk 01:00:47]}
{[%emt 00:00:08]} 67. Ke1 {[%clk 01:24:52]} {[%emt 00:00:41]} Kd3 {[%clk
01:01:02]} {[%emt 00:00:15]} 68. Kf1 {[%clk 01:24:46]} {[%emt 00:00:36]} Kd2
{[%clk 01:01:21]} {[%emt 00:00:11]} 69. Kf2 {[%clk 01:25:09]} {[%emt 00:00:07]}
e3 {[%clk 01:01:46]} {[%emt 00:00:06]} 70. Kf3 {[%clk 01:25:30]} {[%emt
00:00:09]} e2 {[%clk 01:02:10]} {[%emt 00:00:06]} 71. Kf4 {[%clk 01:25:56]}
{[%emt 00:00:04]} e1=Q {[%clk 01:02:32]} {[%emt 00:00:07]} 72. Kf5 {[%clk
01:26:19]} {[%emt 00:00:08]} Qe3 {[%clk 01:02:49]} {[%emt 00:00:12]} 73. Kg4
{[%clk 01:26:36]} {[%emt 00:00:13]} Qf2 {[%clk 01:03:01]} {[%emt 00:00:18]} 74.
Kg5 {[%clk 01:26:37]} {[%emt 00:00:28]} Qf3 {[%clk 01:03:24]} {[%emt 00:00:08]}
75. Kh4 {[%clk 01:26:55]} {[%emt 00:00:12]} Qg2 {[%emt 00:00:18]} 76. Kh5
{[%emt 00:00:07]} Qg3 {[%clk 01:03:03]} {[%emt 00:00:26]} 77. Kh6 {[%clk
01:27:20]} {[%emt 00:00:05]} Qg4 {[%clk 01:03:30]} {[%emt 00:00:04]} 78. Kh7
{[%clk 01:27:45]} {[%emt 00:00:05]} Qg5 {[%clk 01:03:55]} {[%emt 00:00:05]} 79.
Kh8 {[%clk 01:28:10]} {[%emt 00:00:05]} Ke3 {[%clk 01:04:12]} {[%emt 00:00:13]}
80. Kh7 {[%clk 01:28:33]} {[%emt 00:00:07]} Ke4 {[%clk 01:04:26]} {[%emt
00:00:16]} 81. Kh8 {[%clk 01:28:58]} {[%emt 00:00:05]} Kf5 {[%clk 01:04:46]}
{[%emt 00:00:10]} 82. Kh7 {[%clk 01:29:12]} {[%emt 00:00:15]} Kf6 {[%clk
01:05:05]} {[%emt 00:00:11]} 83. Kh8 {[%clk 01:29:32]} {[%emt 00:00:10]} Qg7#
{[%clk 01:05:33]} {[%emt 00:00:02]} 0-1

[Event "DVM U12 2023"]
[Site "Magdeburg GER"]
[Date "2023.12.28"]
[Round "3"]
[White "Gilcher, Tamino"]
[Black "Zhou, Louis Yuchen"]
[Result "1/2-1/2"]
[Termination "normal"]
[Board "10.4"]
[WhiteElo "1207"]
[BlackElo "963"]
[WhiteClock "01:29:32"]
[BlackClock "01:05:33"]
[WhiteTeam "SG Trier 1877"]
[BlackTeam "SF Brackel 1930"]
[PlyCount "166"]
[WhiteFideId "34681787"]
[BlackFideId "34649417"]
[EventCountry "GER"]
[EventRounds "7"]
[EventType "team-swiss"]
[EventDate "2023.12.26"]

1. e4 {[%clk 01:30:57]} {[%emt 00:00:01]} e5 {[%clk 01:30:58]} {[%emt
00:00:04]} 2. Nf3 {[%clk 01:31:21]} {[%emt 00:00:05]} Nc6 {[%clk 01:31:20]}
{[%emt 00:00:07]} 3. Bc4 {[%clk 01:31:48]} {[%emt 00:00:03]} Bc5 {[%clk
01:31:35]} {[%emt 00:00:15]} 4. Nc3 {[%clk 01:31:54]} {[%emt 00:00:25]} Nf6
{[%clk 01:31:30]} {[%emt 00:00:35]} 5. d3 {[%clk 01:32:05]} {[%emt 00:00:19]}
h6 {[%clk 01:31:54]} {[%emt 00:00:07]} 6. O-O {[%clk 01:31:45]} {[%emt
00:00:49]} d6 {[%clk 01:32:06]} {[%emt 00:00:18]} 7. h3 {[%clk 01:30:18]}
{[%emt 00:01:57]} Be6 {[%clk 01:32:08]} {[%emt 00:00:27]} 8. Bd5 {[%clk
01:20:39]} {[%emt 00:10:10]} Qd7 {[%clk 01:30:58]} {[%emt 00:01:40]} 9. Bxe6
{[%clk 01:19:47]} {[%emt 00:01:21]} fxe6 {[%clk 01:31:11]} {[%emt 00:00:19]}
10. Na4 {[%clk 01:04:58]} {[%emt 00:15:18]} b6 {[%clk 01:29:59]} {[%emt
00:01:43]} 11. c3 {[%clk 01:05:06]} {[%emt 00:00:21]} d5 {[%clk 01:28:20]}
{[%emt 00:02:09]} 12. d4 {[%clk 00:56:13]} {[%emt 00:09:23]} Bd6 {[%clk
01:27:58]} {[%emt 00:00:52]} 13. dxe5 {[%clk 00:55:24]} {[%emt 00:01:19]} Bxe5
{[%clk 01:27:48]} {[%emt 00:00:40]} 14. exd5 {[%clk 00:44:25]} {[%emt
00:11:28]} exd5 {[%clk 01:27:36]} {[%emt 00:00:43]} 15. Nxe5 {[%clk 00:44:38]}
{[%emt 00:00:17]} Nxe5 {[%clk 01:27:39]} {[%emt 00:00:28]} 16. Re1 {[%clk
00:45:01]} {[%emt 00:00:07]} Ne4 {[%clk 01:19:48]} {[%emt 00:08:21]} 17. f3
{[%clk 00:45:04]} {[%emt 00:00:26]} Nxf3+ {[%clk 01:18:15]} {[%emt 00:02:04]}
18. gxf3 {[%clk 00:43:33]} {[%emt 00:00:46]} Qxh3 {[%clk 01:18:42]} {[%emt
00:01:19]} 19. fxe4 {[%clk 00:43:09]} {[%emt 00:00:54]} Qg3+ {[%clk 01:18:01]}
{[%emt 00:01:11]} 20. Kh1 {[%clk 00:41:33]} {[%emt 00:02:06]} Qh3+ {[%clk
01:18:00]} {[%emt 00:00:31]} 21. Kg1 {[%clk 00:41:13]} {[%emt 00:01:01]} Qg3+
{[%clk 01:18:28]} {[%emt 00:00:02]} 22. Kh1 {[%clk 00:41:08]} {[%emt 00:00:33]}
Qh3+ {[%clk 01:19:25]} {[%emt 00:00:22]} 1/2-1/2